Livro

Notas sobre la familia como unidad socioeconómica

Na minha lista:
Detalhes bibliográficos
Autor principal: Borsotti, Carlos
Formato: Livro
Idioma:espanhol
Publicado em: Santiago de Chile : Cepal, 1978
coleção:Cuadernos de la Cepal ; v. 22
Assuntos:

MARC

LEADER 00000nam#a2200000#a#4500
001 004265
005 20160721143131.0
008 981020s1978####cl##################spa#d
040 |a AR-beUNQ 
099 |a 05-B41 
100 1 |a Borsotti, Carlos 
245 0 2 |a Notas sobre la familia como unidad socioeconómica  |c Carlos Borsotti. 
260 |a Santiago de Chile :  |b Cepal,  |c 1978 
300 |a 60 p 
490 0 |a Cuadernos de la Cepal ;  |v v. 22 
650 7 |a UNIDADES DE PRODUCCION  |2 Spines 
650 7 |a POLITICA FAMILIAR  |2 Spines 
650 7 |a ESTRUCTURA FAMILIAR  |2 Spines 
650 7 |a RECURSOS  |2 Spines 
650 7 |a ASPECTOS ECONOMICOS  |2 Spines 
650 7 |a SOCIEDAD  |2 toit 
651 7 |a AMERICA LATINA  |2 toit 
929 |a COMPRA  |b CEI - UNQ  |d 4,00E  |e 19981020  |g Exp. 0387/98  |j 20699 
942 |c LIB  |n 0 
999 |c 7040  |d 82427